| 000 | 00516nam a2200217Ia 4500 | ||
|---|---|---|---|
| 003 | OSt | ||
| 005 | 20140425132348.0 | ||
| 008 | 140130s9999 xx 000 0 und d | ||
| 020 | _a0516243004 | ||
| 020 | _a0516278800 | ||
| 050 |
_aQL 576.2 _b.Ec35 2003 |
||
| 100 |
_aEckart, Edana _930827 |
||
| 245 |
_cEckart, Edana _aBeetles / |
||
| 260 |
_bScholastic, _c2003 |
||
| 300 |
_a24 p. : _bcol. ill. ; _c18 cm. |
||
| 440 |
_v1 _930828 |
||
| 526 | _c310 | ||
| 942 |
_cBK _2lcc |
||
| 999 |
_c40134 _d40134 |
||